<?xml version="1.0" encoding="UTF-8"?>
<record
    xmlns:xsi="http://www.w3.org/2001/XMLSchema-instance"
    xsi:schemaLocation="http://www.loc.gov/MARC21/slim http://www.loc.gov/standards/marcxml/schema/MARC21slim.xsd"
    xmlns="http://www.loc.gov/MARC21/slim">

  <leader>00801nam a22001337a 4500</leader>
  <datafield tag="040" ind1=" " ind2=" ">
    <subfield code="c">RUA</subfield>
  </datafield>
  <datafield tag="082" ind1=" " ind2=" ">
    <subfield code="a">AGE SON 2020 B1-462 Or.</subfield>
  </datafield>
  <datafield tag="100" ind1=" " ind2=" ">
    <subfield code="a">SONG VISAL , &#x179F;&#x17BB;&#x1784; &#x179C;&#x17B7;&#x179F;&#x17B6;&#x179B;</subfield>
  </datafield>
  <datafield tag="245" ind1=" " ind2=" ">
    <subfield code="a">EFFECIENCY OF OGGUN-MOUNTED VEGETABLE TRANSPLANTION IN CONSERVATION AGRICULTURE-BASED ON ROUND EEGPLANT PRODUCTION,&#x1794;&#x17D2;&#x179A;&#x179F;&#x17B7;&#x1791;&#x17D2;&#x1792;&#x1797;&#x17B6;&#x1796;&#x17A7;&#x1794;&#x1780;&#x179A;&#x178E;&#x17CD;&#x179F;&#x17D2;&#x1791;&#x17BC;&#x1784;&#x1794;&#x1793;&#x17D2;&#x179B;&#x17C2;&#x1794;&#x1798;&#x1796;&#x17B6;&#x1780;&#x17CB;&#x1787;&#x17B6;&#x1798;&#x17BD;&#x1799;&#x178F;&#x17D2;&#x179A;&#x17B6;&#x1780;&#x17CB;&#x1791;&#x17D0;&#x179A;&#x17A2;&#x17BC;&#x17A0;&#x17D2;&#x1782;&#x17BB;&#x1793; &#x179F;&#x1798;&#x17D2;&#x179A;&#x17B6;&#x1794;&#x17CB;&#x1795;&#x179B;&#x17B7;&#x178F;&#x1780;&#x1798;&#x17D2;&#x1798;&#x178A;&#x17C6;&#x178E;&#x17B6;&#x17C6;&#x178F;&#x17D2;&#x179A;&#x1794;&#x17CB;&#x179F;&#x17D2;&#x179A;&#x17BD;&#x1799;&#x1794;&#x17C2;&#x1780;&#x1780;&#x179F;&#x17B7;&#x1780;&#x1798;&#x17D2;&#x1798;&#x17A2;&#x1797;&#x17B7;&#x179A;&#x1780;&#x17D2;&#x179F;</subfield>
  </datafield>
  <datafield tag="260" ind1=" " ind2=" ">
    <subfield code="a">Phnom penh</subfield>
    <subfield code="b">rua</subfield>
    <subfield code="c">2020</subfield>
  </datafield>
  <datafield tag="300" ind1=" " ind2=" ">
    <subfield code="a">xii.40p.</subfield>
    <subfield code="b">ill.</subfield>
    <subfield code="c">29cm.</subfield>
  </datafield>
  <datafield tag="856" ind1=" " ind2=" ">
    <subfield code="u">https://drive.google.com/file/d/1vydMEOFzb5Lz4qdAVainYoXB6t4NReOa/view?usp=sharing</subfield>
  </datafield>
  <datafield tag="942" ind1=" " ind2=" ">
    <subfield code="c">AGE</subfield>
  </datafield>
  <datafield tag="999" ind1=" " ind2=" ">
    <subfield code="c">23471</subfield>
    <subfield code="d">23471</subfield>
  </datafield>
  <datafield tag="952" ind1=" " ind2=" ">
    <subfield code="0">0</subfield>
    <subfield code="1">0</subfield>
    <subfield code="4">0</subfield>
    <subfield code="6">AGE_SON_2020_000000000000000_B1462_OR</subfield>
    <subfield code="7">0</subfield>
    <subfield code="9">100611</subfield>
    <subfield code="a">LBB</subfield>
    <subfield code="b">LBB</subfield>
    <subfield code="c">B1.462</subfield>
    <subfield code="d">2024-08-03</subfield>
    <subfield code="o">AGE SON 2020 B1-462 Or.</subfield>
    <subfield code="p">a076442</subfield>
    <subfield code="r">2024-08-03</subfield>
    <subfield code="y">AGE</subfield>
  </datafield>
  <datafield tag="952" ind1=" " ind2=" ">
    <subfield code="0">0</subfield>
    <subfield code="1">0</subfield>
    <subfield code="4">0</subfield>
    <subfield code="6">AGE_SON_2020_000000000000000_B1462_OR</subfield>
    <subfield code="7">0</subfield>
    <subfield code="9">100612</subfield>
    <subfield code="a">LBB</subfield>
    <subfield code="b">LBB</subfield>
    <subfield code="c">B1.462</subfield>
    <subfield code="d">2024-08-03</subfield>
    <subfield code="o">AGE SON 2020 B1-462 Or.</subfield>
    <subfield code="p">a076093</subfield>
    <subfield code="r">2024-08-03</subfield>
    <subfield code="y">AGE</subfield>
  </datafield>
  <datafield tag="952" ind1=" " ind2=" ">
    <subfield code="0">0</subfield>
    <subfield code="1">0</subfield>
    <subfield code="4">0</subfield>
    <subfield code="6">AGE_SON_2020_000000000000000_B1462_OR</subfield>
    <subfield code="7">0</subfield>
    <subfield code="9">100613</subfield>
    <subfield code="a">LBB</subfield>
    <subfield code="b">LBB</subfield>
    <subfield code="c">B1.462</subfield>
    <subfield code="d">2024-08-03</subfield>
    <subfield code="o">AGE SON 2020 B1-462 Or.</subfield>
    <subfield code="p">a076325</subfield>
    <subfield code="r">2024-08-03</subfield>
    <subfield code="y">AGE</subfield>
  </datafield>
  <datafield tag="952" ind1=" " ind2=" ">
    <subfield code="0">0</subfield>
    <subfield code="1">0</subfield>
    <subfield code="4">0</subfield>
    <subfield code="6">AGE_SON_2020_000000000000000_B1462_OR</subfield>
    <subfield code="7">0</subfield>
    <subfield code="9">100614</subfield>
    <subfield code="a">LBB</subfield>
    <subfield code="b">LBB</subfield>
    <subfield code="c">B1.462</subfield>
    <subfield code="d">2024-08-03</subfield>
    <subfield code="o">AGE SON 2020 B1-462 Or.</subfield>
    <subfield code="p">a076938</subfield>
    <subfield code="r">2024-08-03</subfield>
    <subfield code="y">AGE</subfield>
  </datafield>
</record>
